<?xml version="1.0" encoding="UTF-8"?>
<marc:record xmlns:marc="http://www.loc.gov/MARC21/slim">
   <marc:leader>00000nam a2200000 a 4500</marc:leader>
   <marc:datafield ind1="1" ind2=" " tag="100">
      <marc:subfield code="a">Rossbacher, Claudia</marc:subfield>
      <marc:subfield code="4">aut</marc:subfield>
      <marc:subfield code="e">Verfasser/-in</marc:subfield>
   </marc:datafield>
   <marc:datafield ind1="0" ind2="0" tag="245">
      <marc:subfield code="a">Steirerwald</marc:subfield>
   </marc:datafield>
   <marc:datafield ind1="0" ind2="0" tag="245">
      <marc:subfield code="b">Sandra Mohrs 13. Fall</marc:subfield>
   </marc:datafield>
   <marc:datafield ind1=" " ind2="1" tag="264">
      <marc:subfield code="b">Gmeiner</marc:subfield>
      <marc:subfield code="c">2023</marc:subfield>
   </marc:datafield>
   <marc:datafield ind1="1" ind2=" " tag="490">
      <marc:subfield code="a">Sandra Mohr</marc:subfield>
   </marc:datafield>
   <marc:datafield ind1="1" ind2=" " tag="520">
      <marc:subfield code="a">An einem schwülen Sommerabend werden die LKA-Ermittler Sandra Mohr und Sascha Bergmann aus Graz zu einem Einsatz ins nahe Schöcklland gerufen. Auf Schloss Abelsberg hat der Jagdhund einer Jägerin die verwesende Hand eines Mannes im Wald aufgestöbert. Kurze Zeit später wird die Leiche in einem Graben hinter dem Schloss entdeckt und als Schlossbewohner identifiziert. Wer aber hat den exzentrischen Regisseur erschossen und weshalb? Die Jagd auf den Mörder nimmt ihren Lauf und sorgt für so manche Überraschung. Auch in Sandras Privatleben.</marc:subfield>
   </marc:datafield>
   <marc:datafield ind1=" " ind2=" " tag="020">
      <marc:subfield code="a">9783839205112</marc:subfield>
      <marc:subfield code="9">9783839205112</marc:subfield>
   </marc:datafield>
</marc:record>
